Statistics for JR04-JR西日本の駅

Click here to take the quiz!

General Stats

  • This quiz has been taken 760 times
    (136 since last reset)
  • The average score is 434 of 1250

Answer Stats

本線% Correct
京都
91%
新大阪
91%
大阪
90%
米原
88%
神戸
88%
高槻
86%
草津
86%
天王寺
83%
金沢
82%
広島
82%
三ノ宮
82%
敦賀
81%
尼崎
81%
富山
81%
福知山
81%
吹田
81%
山科
81%
南草津
81%
岡山
79%
京橋
79%
桜島
79%
新今宮
79%
姫路
79%
西宮
79%
西明石
79%
大津
78%
近江塩津
78%
福山
78%
糸魚川
78%
福井
78%
加古川
78%
東淀川
77%
芦屋
77%
新山口
77%
今宮
77%
西九条
76%
彦根
76%
福島
76%
明石
76%
近江八幡
76%
新高岡
76%
山崎
76%
加賀温泉
74%
博多
74%
黒部宇奈月温泉
74%
東広島
74%
天満
74%
ユニバーサルシティ
74%
新下関
74%
相生
74%
新神戸
74%
長浜
74%
三田
74%
茨木
74%
三原
74%
和歌山
74%
74%
大正
73%
長岡京
73%
大阪城公園
73%
近江今津
73%
桜ノ宮
73%
兵庫
73%
新倉敷
73%
徳山
73%
栗東
73%
石山
72%
守山
72%
野洲
72%
氷見
72%
鶴橋
72%
宝塚
72%
岩国
72%
JR総持寺
72%
厚狭
72%
島本
72%
小松
72%
堅田
72%
芦原温泉
72%
越前たけふ
71%
小倉
71%
向日町
71%
上越妙高
71%
播州赤穂
71%
森ノ宮
71%
新尾道
71%
小浜
71%
膳所
71%
伊丹
71%
須磨
71%
鳥取
69%
下関
69%
津山
69%
69%
倉敷
69%
野田
69%
桂川
69%
甲子園口
69%
奈良
69%
塚本
69%
東舞鶴
69%
安治川口
69%
小野田
68%
高岡
68%
新岩国
68%
児島
68%
玉造
68%
能登川
68%
元町
68%
マキノ
68%
六甲道
68%
さくら夙川
68%
摂津富田
68%
大津京
67%
りんくうタウン
67%
弁天町
67%
新疋田
67%
JR難波
67%
関西空港
67%
芦原橋
67%
比叡山坂本
67%
西大路
67%
南彦根
67%
米子
67%
瀬田
67%
千里丘
65%
宇部
65%
立花
65%
七尾
65%
摩耶
65%
放出
65%
尾道
64%
安土
64%
舞子
64%
おごと温泉
64%
摂津本山
64%
日根野
64%
岸辺
64%
新三田
64%
新見
64%
東加古川
64%
近江舞子
64%
塚口
64%
上郡
64%
王寺
64%
西舞鶴
64%
和倉温泉
63%
篠山口
63%
住吉
63%
和歌山市
63%
城崎温泉
63%
東姫路
62%
亀山
62%
博多南
62%
宇野
62%
木津
62%
東岡山
62%
山口
62%
甲南山手
60%
新宮
60%
桜井
60%
津幡
60%
境港
60%
桃谷
60%
須磨海浜公園
60%
糸崎
59%
出雲市
59%
幡生
59%
和田岬
59%
川西池田
59%
ひめじ別所
59%
伯耆大山
59%
堺市
59%
鴫野
58%
亀岡
58%
可部
58%
58%
宇治
58%
北新地
58%
寺田町
58%
城端
58%
58%
近江高島
58%
久宝寺
58%
新長田
58%
九頭竜湖
58%
松江
56%
横川
56%
木ノ本
56%
大阪城北詰
56%
河瀬
56%
56%
東羽衣
56%
御坊
56%
西宮名塩
56%
谷川
56%
総社
56%
長門市
56%
二条
56%
高月
56%
虎姫
56%
綾部
56%
永原
56%
茶屋町
56%
篠原
56%
余呉
55%
柘植
55%
垂水
55%
加茂
55%
新福島
55%
猪谷
55%
はりま勝原
55%
紀伊勝浦
55%
網干
55%
坂田
55%
越前花堂
55%
稲枝
55%
英賀保
55%
羽咋
55%
嵯峨嵐山
55%
高田
55%
備後落合
55%
備中高梁
55%
豊岡
55%
和邇
54%
大久保
54%
三次
54%
宝殿
54%
紀伊
54%
新白島
54%
松井山手
54%
海田市
54%
宮島口
54%
倉吉
54%
美祢
54%
あき亀山
54%
田村
53%
橋本
53%
竜野
53%
朝霧
53%
加美
53%
小野
53%
東福寺
53%
和田山
51%
塩屋
51%
廿日市
51%
西脇市
51%
JR淡路
51%
有年
51%
郡山
51%
法隆寺
51%
八尾
51%
白浜
51%
益田
51%
梅小路京都西
51%
瀬戸
51%
新加美
50%
天理
50%
稲荷
50%
平城山
50%
浜田
50%
南吹田
50%
柏原
50%
大阪天満宮
50%
南小谷
50%
木次
50%
四条畷
50%
宍道
49%
同志社前
49%
八本松
49%
瀬野
49%
鳥取大学前
49%
魚住
49%
土山
49%
三国ケ丘
49%
下松
49%
東部市場前
49%
紀伊田辺
49%
御幣島
49%
北伊丹
49%
蓬萊
49%
和泉砂川
49%
園部
49%
和気
49%
府中
47%
熊取
47%
47%
京終
47%
城陽
47%
紀伊中ノ島
47%
串本
47%
海南
47%
東福山
47%
加島
47%
47%
高井田中央
47%
武田尾
47%
猪名寺
47%
越前大野
47%
我孫子町
46%
柳井
46%
円町
46%
宇部新川
46%
太秦
46%
保津峡
46%
越中八尾
46%
西川原
46%
東岸和田
46%
和泉鳥取
46%
寝屋川公園
46%
智頭
46%
仙崎
46%
道場
46%
安曇川
46%
JR河内永和
46%
西相生
46%
唐崎
46%
三石
46%
寺前
46%
笠岡
46%
河内
46%
45%
45%
伊賀上野
45%
衣摺加美北
45%
鷹取
45%
万富
45%
山中渓
45%
美章園
45%
海老江
45%
津和野
45%
浜坂
45%
佐用
45%
高井田
45%
備中神代
45%
西広島
45%
塩町
44%
玉造温泉
44%
西出雲
44%
貴生川
44%
中山寺
44%
江津
44%
砺波
44%
和泉府中
44%
西条
44%
熊山
44%
長尾
44%
天神川
44%
京田辺
44%
高松
44%
長居
44%
妹尾
44%
西敦賀
42%
香住
42%
厄神
42%
金光
42%
城北公園通
42%
播磨新宮
42%
六地蔵
42%
高島
42%
大和小泉
42%
備後赤坂
42%
安来
42%
東尾道
42%
日本へそ公園
42%
五条
42%
西大寺
42%
福崎
41%
曽根
41%
五日市
41%
根雨
41%
祝園
41%
生瀬
41%
吉永
41%
JR野江
41%
北長瀬
41%
紀和
41%
白市
41%
大竹
41%
新旭
41%
上道
41%
平野
41%
庭瀬
41%
星田
41%
JR俊徳道
40%
河内磐船
40%
近江中庄
40%
御着
40%
備後庄原
40%
呉ポートピア
40%
東貝塚
40%
鴻池新田
40%
米子空港
40%
黄檗
38%
備前片上
38%
坂越
38%
長門本山
38%
杉本町
38%
丹波口
38%
徳庵
38%
住道
38%
中庄
38%
北小松
38%
志賀
38%
比良
38%
周参見
37%
馬堀
37%
丹波大山
37%
笠置
37%
備中高松
37%
鍼灸大学前
37%
日生
37%
南岩国
37%
上の町
37%
南田辺
37%
畝傍
37%
雨晴
37%
丹波竹田
37%
西木津
37%
河内堅上
37%
湯浅
37%
信太山
37%
粟生
37%
鴨方
37%
余部
37%
防府
37%
里庄
37%
大田市
37%
吉野口
37%
JR五位堂
37%
桃山
37%
竹原
36%
鶴ケ丘
36%
浅香
36%
本竜野
36%
百舌鳥
36%
六十谷
36%
生山
36%
西阿知
36%
花園
36%
大門
36%
玄武洞
36%
三郷
36%
東津山
36%
餘部
36%
安芸中野
36%
本郷
35%
JR長瀬
35%
中津幡
35%
河毛
35%
JR小倉
35%
上野芝
35%
中国勝山
35%
大元
35%
備前西市
35%
養父
35%
月ケ瀬口
35%
東萩
35%
紀三井寺
35%
北小谷
33%
湯田温泉
33%
北信太
33%
東佐野
33%
清音
33%
法界院
33%
JR三山木
33%
大野浦
33%
相野
33%
新井口
33%
宮内串戸
33%
志紀
33%
前空
33%
那智
32%
竹田
32%
郡家
32%
新家
32%
山城青谷
32%
山城多賀
32%
早島
32%
新西脇
32%
胡麻
32%
加太
32%
和木
32%
東城
32%
雀田
32%
櫛ケ浜
32%
後藤
32%
新南陽
32%
柳井港
32%
本津幡
32%
松永
31%
岩出
31%
特牛
31%
粉河
31%
西富山
31%
速星
31%
御所
31%
新広
31%
太地
31%
JR藤森
31%
上月
31%
向洋
31%
久米田
31%
31%
阿品
31%
植松
31%
和泉橋本
31%
下夜久野
31%
上狛
31%
上夜久野
31%
広川ビーチ
31%
美浜
31%
油日
31%
八鹿
31%
津久野
29%
下狛
29%
西高屋
29%
富木
29%
東松江
29%
玉水
29%
野崎
29%
甲南
29%
一乗谷
29%
大住
29%
川西
29%
宇野気
29%
出雲神西
29%
藍本
29%
黒井
29%
長府
28%
香芝
28%
東小浜
28%
伏木
28%
古市
28%
大町
28%
中野東
28%
備前福河
28%
西岩国
28%
小串
28%
木幡
28%
長滝
28%
南部
28%
紀伊由良
28%
忍ケ丘
28%
石生
28%
箕島
28%
日吉
28%
棚倉
28%
石原
28%
南矢代
27%
出雲坂根
27%
狩留家
27%
藤阪
27%
長船
27%
南羽咋
27%
甲賀
27%
朝来
27%
江原
27%
新田
27%
佐那具
27%
八木
27%
京口
27%
亀甲
27%
宮前
27%
東山公園
27%
伯耆溝口
27%
備中川面
27%
寺家
27%
田井ノ瀬
26%
木見
26%
河戸帆待川
26%
布原
26%
黒田庄
26%
若狭高浜
26%
矢野
26%
宝達
26%
広野
26%
新堂
26%
出雲横田
26%
津田
26%
厚東
26%
三保三隅
26%
入野
26%
下深川
26%
由宇
26%
三輪
26%
手原
26%
高野口
24%
草野
24%
玖波
24%
田布施
24%
小月
24%
大畠
24%
紀伊有田
24%
石部
24%
椿
24%
和知
24%
津山口
24%
櫟本
24%
三日月
24%
緑井
24%
吉富
24%
上深川
24%
備前田井
24%
古座
24%
千里
23%
東八尾
23%
大河原
23%
備中箕島
23%
四辻
23%
若狭本郷
23%
美作落合
23%
畠田
23%
志都美
23%
紀伊山田
23%
能登二宮
23%
直江
23%
嘉川
23%
甲西
23%
生野
23%
中深川
23%
神辺
22%
千代川
22%
福光
22%
上中
22%
並河
22%
下滝
22%
梶栗郷台地
22%
戸田
22%
播磨高岡
22%
温泉津
22%
市島
22%
冷水浦
22%
岸本
22%
青谷
22%
東浜
22%
婦中鵜坂
22%
竹野
22%
姫川
22%
若狭和田
22%
西片上
21%
日岡
21%
新井
21%
井倉
21%
平岩
21%
三雲
21%
帯解
21%
居組
21%
笠田
21%
長谷
21%
居能
21%
美作江見
21%
誕生寺
21%
小野町
21%
紀伊姫
21%
矢賀
21%
藤生
21%
香久山
21%
国府
21%
福渡
21%
上石見
21%
梅林
21%
通津
21%
印南
21%
島ケ原
21%
石蟹
21%
藤並
21%
浦安
21%
岩田
19%
西浜田
19%
本黒田
19%
巻向
19%
金川
19%
備前一宮
19%
三方
19%
勝間田
19%
黒坂
19%
安芸矢口
19%
19%
紀伊小倉
19%
本由良
19%
埴生
19%
揖屋
19%
神野
19%
日原
19%
江南
19%
安芸津
19%
紀伊富田
19%
安芸阿賀
19%
志和口
19%
中土
19%
大道
19%
備中広瀬
19%
富海
19%
頸城大野
19%
紀伊内原
19%
社町
19%
紀伊新庄
19%
19%
東総社
19%
越中国分
19%
紀伊浦神
19%
美作加茂
18%
岩美
18%
播磨徳久
18%
良川
18%
湖山
18%
美作土居
18%
長池
18%
院庄
18%
久世
18%
油田
18%
神代
18%
博労町
18%
楡原
18%
紀伊宮原
18%
三井野原
18%
吉備津
18%
上下
18%
出雲大東
18%
西笠田
18%
久々原
18%
滝野
18%
根知
18%
紀伊日置
18%
三輪崎
18%
越中中川
18%
備前原
18%
忠海
18%
比婆山
18%
豪渓
18%
越中山田
18%
美袋
18%
千路
18%
能登部
17%
砥堀
17%
寒河
17%
紀伊佐野
17%
駅家
17%
西勝間田
17%
御来屋
17%
大山口
17%
八次
17%
東觜崎
17%
備後三日市
17%
備後西城
17%
乃木
17%
道後山
17%
溝口
17%
方谷
17%
北宇智
17%
吉浦
17%
宮野
17%
伊部
17%
小野田港
17%
天和
17%
用瀬
17%
大篠津町
17%
船岡
17%
備前三門
17%
高津
17%
江尾
17%
下祇園
17%
紀伊天満
15%
邑久
15%
吉舎
15%
久下村
15%
黒江
15%
荒島
15%
美作千代
15%
大和新庄
15%
仁豊野
15%
かるが浜
15%
南宍道
15%
梅迫
15%
芳養
15%
木野山
15%
津ノ井
15%
甲立
15%
島尾
15%
刑部
15%
福部
15%
上川口
15%
松尾寺
15%
道成寺
15%
備後本庄
15%
出雲三成
15%
安栖里
15%
笹津
15%
大和二見
15%
初島
15%
長門二見
15%
和佐
15%
久手
14%
東郡家
14%
因幡社
14%
富士見町
14%
長門三隅
14%
能町
14%
綾羅木
14%
那岐
14%
長門古市
14%
由良
14%
六条
14%
日羽
14%
千旦
14%
七軒茶屋
14%
福川
14%
上山口
14%
長門峡
14%
西三次
14%
徳佐
14%
野馳
14%
名手
14%
横山
14%
免田
14%
宇部岬
14%
敷浪
14%
能瀬
14%
金橋
14%
美作追分
14%
新野
14%
赤碕
14%
徳田
14%
千本
14%
加茂郷
14%
浜村
14%
大多羅
14%
東美浜
14%
建部
14%
市場
13%
戸坂
13%
備後三川
13%
紀伊長田
13%
弓削
13%
万能倉
13%
川棚温泉
13%
武庫
13%
横尾
13%
紀伊田原
13%
南大東
13%
土師
13%
吉田口
13%
美作河井
13%
丹治部
13%
小奴可
13%
備後八幡
13%
真倉
13%
長門粟野
13%
荘原
13%
甲奴
13%
安芸幸崎
13%
戸出
13%
13%
仁万
13%
梁瀬
13%
山家
13%
下山
13%
石見福光
13%
福野
13%
金丸
13%
浜河内
13%
波子
13%
島田
13%
上嘉川
13%
勝原
13%
越前田野
13%
北大野
13%
足羽
13%
安浦
13%
来待
13%
古市橋
13%
高野
13%
安芸長束
13%
越前東郷
13%
周防下郷
13%
田子
12%
青郷
12%
若狭有田
12%
宇久井
12%
亀嵩
12%
越前下山
12%
美山
12%
布施屋
12%
下兵庫
12%
東石黒
12%
甘地
12%
美作滝尾
12%
古見
12%
波根
12%
備前片岡
12%
小田
12%
奈古
12%
淀江
12%
服部
12%
大安寺
12%
玖村
12%
宝木
12%
佐津
12%
立木
12%
天応
12%
周防高森
12%
坂根
12%
淵垣
12%
林野
12%
楢原
12%
美作大崎
12%
太市
12%
草江
12%
香呂
12%
青倉
12%
上郷
12%
河原
12%
田儀
10%
青原
10%
井原市
10%
寺庄
10%
和深
10%
下唯野
10%
見老津
10%
下里
10%
鶴居
10%
湯川
10%
南小野田
10%
松崎
10%
船戸
10%
備後矢野
10%
越前大宮
10%
隅田
10%
上菅
10%
川原石
10%
越前薬師
10%
南大嶺
10%
柳本
10%
厚保
10%
掖上
10%
都野津
10%
阿知須
10%
岩山
10%
油木
10%
牧山
10%
新郷
10%
玉柏
10%
比延
10%
出雲八代
10%
梅ケ峠
10%
黄波戸
10%
吉見
10%
月田
10%
小滝
10%
馬場崎町
10%
坪井
10%
野里
10%
知和
10%
小原
10%
滝部
10%
足立
10%
長門大井
10%
稲原
10%
彦崎
10%
須佐
10%
青野ケ原
10%
小和清水
9%
欽明路
9%
富原
9%
周防花岡
9%
山ノ内
9%
中三田
9%
内名
9%
本俣賀
9%
上八木
9%
矢神
9%
越前富田
9%
西栗栖
9%
市岡
9%
東青原
9%
計石
9%
神杉
9%
田並
9%
中飯降
9%
下津
9%
新平野
9%
新市
9%
野々口
9%
打田
9%
迫川
9%
須波
9%
三滝
9%
気山
9%
藤井
9%
香登
9%
安芸川尻
9%
向原
9%
伊里
9%
佐良山
9%
切目
9%
篠目
9%
戸田小浜
9%
柴山
9%
久谷
9%
名和
9%
長門長沢
9%
黒井村
9%
久代
9%
飯井
9%
東新川
9%
三見
9%
末恒
9%
長門湯本
9%
木与
9%
岡見
9%
石見津田
9%
中山口
9%
二塚
9%
宇賀本郷
9%
十村
8%
岩代
8%
安登
8%
鎌手
8%
吉名
8%
水尻
8%
浅利
8%
下北条
8%
三良坂
8%
五十猛
8%
白木山
8%
湯田村
8%
上三田
8%
近田
8%
戸手
8%
八橋
8%
高木
8%
江住
8%
下川辺
8%
志和地
8%
大岩
8%
馬路
8%
諸寄
8%
下和知
8%
備後安田
8%
下市
8%
加斗
8%
粟野
8%
岩倉
8%
石見横田
8%
鷹狩
8%
三本松口
8%
柿ケ島
8%
弓ヶ浜
8%
常盤
8%
国英
8%
地福
8%
日登
8%
船町口
8%
三谷
8%
中島
8%
仁保
8%
三浦
8%
越前高田
8%
飯浦
8%
阿川
8%
足守
8%
玉江
8%
大歳
8%
湯玉
6%
人丸
6%
八浜
6%
常山
6%
宇田郷
6%
下府
6%
和田浜
6%
静間
6%
上川立
6%
高松町
6%
加茂中
6%
神目
6%
安岡
6%
敬川
6%
湯里
6%
大富
6%
平子
6%
黒松
6%
高儀
6%
河合西
6%
周防佐山
6%
道上
6%
牛ケ原
6%
仁保津
6%
矢原
6%
湯ノ峠
6%
三松
6%
柱野
6%
長柄
6%
名草
6%
於福
6%
仁方
6%
鍋倉
6%
風早
6%
勢浜
6%
玉手
6%
船平山
6%
大谷
6%
丸尾
6%
鵜飼
6%
下井阪
6%
河佐
6%
大乗
6%
梶田
6%
妙寺
6%
安芸長浜
6%
青野山
6%
岩鼻
5%
床波
5%
下久野
5%
妻崎
5%
琴芝
5%
河崎口
5%
渡川
5%
市波
5%
周防久保
5%
八川
5%
伊上
5%
玖珂
5%
折居
5%
深溝
5%
東野尻
5%
七塚
5%
目出
5%
上戸手
5%
板持
5%
四郎ケ原
5%
小屋浦
5%
大鳥羽
5%
勝間
5%
周布
5%
余子
4%
岐波
4%
中畑
4%
福江
4%
渋木
4%
幡屋
4%
重安
4%
江崎
4%
越ケ浜
4%
南中川
4%
生野屋
4%
中浜
3%
米川
3%
高水
1%
大河内
1%

Score Distribution

Percentile by Number Answered

Percent of People with Each Score

Your Score History

You have not taken this quiz since the last reset